Normale Ansicht MARC-Ansicht ISBD

Rathaus Frankfurt (Oder): (Titelsatznr. 373562)

[ MARC ]
MARC-Details
000 -Satzkennung
Kontrollfeld mit fester Länge 00654nam a22001937a 4500
003 - Kontrollnummer Identifier
Kontrollfeld OSt
005 - Datum und Zeit der letzten Transaktion
Kontrollfeld 20250116143740.0
008 - Feld mit fester Länge zur physischen Beschreibung - Allgemeine Angaben
Kontrollfeld mit fester Länge 250116b |||||||| |||| 00| 0 eng d
040 ## - Katalogisierungsquelle
Original-Katalogisierungsstelle DE-2950
Übertragungsstelle DE-2950
041 ## - Sprachcode
Sprachcode des Textes/der Tonspur oder des separaten Titels ger
245 ## - Titel
Titel Rathaus Frankfurt (Oder):
Zusatz zum Titel Transformationen 13. Jahrhundert - 2024 /
Verfasserangabe etc. Ulrich Christian Dinse; Christian Matthes; Bernadeta Schäfer; Ulrike Lauber; Katharina Feldhusen; Ralf Fleckenstein
260 ## - Publikation, Vertrieb usw.
Erscheinungsort, Vertriebsort etc. Frankfurt (Oder):
Name des Verlags, des Vertriebs etc. Stadt Frankfurt (Oder),
Erscheinungsjahr, Vertriebsjahr etc. 2024
653 ## - Indexierungsterm - Nicht normiert
Nicht-normierter Term Frankfurt (Oder)
653 ## - Indexierungsterm - Nicht normiert
Nicht-normierter Term Rathaus
653 ## - Indexierungsterm - Nicht normiert
Nicht-normierter Term Baugeschichte 1300 - 2024
653 ## - Indexierungsterm - Nicht normiert
Nicht-normierter Term Denkmalpflege
653 ## - Indexierungsterm - Nicht normiert
Nicht-normierter Term Architektur
942 ## - Zusätzliche Felder (Koha)
Klassifikation oder Aufstellungssystematik Andere/Generische Klassifikation
Koha-Medientyp Bücher
Exemplare
Ausgeschieden Verloren Klassifikation oder Aufstellungssystematik Beschädigt Nicht entleihbar Heimatbibliothek Aufenthaltsbibliothek Aufstellungsort Erwerbungsdatum Kodierter Standort-Qualifier Anzahl Ausleihen Signatur Letzte Aktivität Exemplarnummer Preis gültig von Koha-Medientyp Lieferant
    Andere/Generische Klassifikation     Stadtarchiv Frankfurt (Oder) | Archivbibliothek Stadtarchiv Frankfurt (Oder) | Archivbibliothek Magazin 16/01/2025 M   IV: 1593 16/01/2025 10/2025 16/01/2025 Bücher  
    Andere/Generische Klassifikation     Stadtarchiv Frankfurt (Oder) | Archivbibliothek Stadtarchiv Frankfurt (Oder) | Archivbibliothek Lesesaal 16/01/2025     D 46 16/01/2025 11/2025 16/01/2025 Bücher Belegexemplar